Fundamentals of multinational finance / (Record no. 10980)
[ view plain ]
| 000 -LEADER | |
|---|---|
| fixed length control field | 01024cam a22002895a 4500 |
| 005 - DATE AND TIME OF LATEST TRANSACTION | |
| control field | 20201128013535.0 |
| 008 - FIXED-LENGTH DATA ELEMENTS--GENERAL INFORMATION | |
| fixed length control field | 090301s2009 maua fr 001 0 eng d |
| 020 ## - INTERNATIONAL STANDARD BOOK NUMBER | |
| International Standard Book Number | 032155213X |
| 020 ## - INTERNATIONAL STANDARD BOOK NUMBER | |
| International Standard Book Number | 9780321552136 |
| 040 ## - CATALOGING SOURCE | |
| Original cataloging agency | EG-ScBUE |
| Language of cataloging | eng |
| Transcribing agency | EG-ScBUE |
| Modifying agency | EG-ScBUE |
| 082 04 - DEWEY DECIMAL CLASSIFICATION NUMBER | |
| Classification number | 332.042 |
| Item number | MOF |
| Edition number | 22 |
| 100 1# - MAIN ENTRY--PERSONAL NAME | |
| Personal name | Moffett, Michael H. |
| 245 10 - TITLE STATEMENT | |
| Title | Fundamentals of multinational finance / |
| Statement of responsibility, etc | Michael H. Moffett, Arthur I. Stonehill, David K. Eiteman. |
| 250 ## - EDITION STATEMENT | |
| Edition statement | 3rd ed. |
| 260 ## - PUBLICATION, DISTRIBUTION, ETC. (IMPRINT) | |
| Place of publication, distribution, etc | Boston : |
| Name of publisher, distributor, etc | Pearson Education, Inc., |
| Date of publication, distribution, etc | c.2009. |
| 300 ## - PHYSICAL DESCRIPTION | |
| Extent | 1 volume (various pagings) : |
| Other physical details | ill. (col.), maps (chiefly col.) ; |
| Dimensions | 27 cm. |
| 490 0# - Series Statement | |
| Series statement | Prentice -Hall Series in Finance |
| 500 ## - GENERAL NOTE | |
| General note | Glossary : p. G-1 - G-15. |
| 500 ## - GENERAL NOTE | |
| General note | Index : I-1 - I-24. |
| 650 #7 - SUBJECT ADDED ENTRY--TOPICAL TERM | |
| Topical term or geographic name as entry element | International business enterprises |
| Form subdivision | Finance. |
| Source of heading or term | BUEsh |
| 9 (RLIN) | 2220 |
| 650 #7 - SUBJECT ADDED ENTRY--TOPICAL TERM | |
| Topical term or geographic name as entry element | International finance. |
| Source of heading or term | BUEsh |
| 9 (RLIN) | 1619 |
| 651 ## - SUBJECT ADDED ENTRY--GEOGRAPHIC NAME | |
| Source of heading or term | BUEsh |
| 653 ## - INDEX TERM--UNCONTROLLED | |
| Resource For college | BAEPS, Business Administration |
| Arrived date list | September2017 |
| 700 1# - ADDED ENTRY--PERSONAL NAME | |
| Personal name | Stonehill, Arthur I. |
| 9 (RLIN) | 2221 |
| 700 1# - ADDED ENTRY--PERSONAL NAME | |
| Personal name | Eiteman, David K. |
| 9 (RLIN) | 2222 |
| 942 ## - ADDED ENTRY ELEMENTS (KOHA) | |
| Source of classification or shelving scheme | Dewey Decimal Classification |
| Withdrawn status | Item status | Source of classification or shelving scheme | Damaged status | Not for loan | Vendor | Home library | Current library | Shelving location | Date acquired | Source of acquisition | Total Checkouts | Total Renewals | Full call number | Barcode | Date last seen | Date last borrowed | Koha item type | Materials specified (bound volume or other part) |
|---|---|---|---|---|---|---|---|---|---|---|---|---|---|---|---|---|---|---|
| Dewey Decimal Classification | Baccah | Central Library | Central Library | First floor | 01/03/2009 | Purchase | 16 | 84 | 332.042 MOF | 000015252 | 15/07/2025 | 28/10/2020 | Book - Borrowing | |||||
| Dewey Decimal Classification | Baccah | Central Library | Central Library | First floor | 14/09/2015 | Purchase | 14 | 39 | 332.042 MOF | 000015251 | 15/07/2025 | 11/11/2017 | Book - Borrowing | |||||
| Dewey Decimal Classification | Baccah | Central Library | Central Library | First floor | 14/09/2015 | Purchase | 1 | 332.042 MOF | 000015250 | 15/07/2025 | 23/11/2010 | NB - Book (Non borrowing) | ||||||
| Lost | Dewey Decimal Classification | Baccah | Central Library | Central Library | First floor | 30/09/2010 | Purchase | 6 | 25 | 332.042 MOF | 000022304 | 10/03/2014 | 07/11/2013 | Book - Borrowing | Lost In Inventory_2015-8-23 |